00790nam a22002177a 450000500170000001000150001702000270003203500140005903700130007308200140008610000170010024500760011726000390019327000820023230000270031450000390034170000180038094200280039899900190042695201270044520180417103256.0 aENG-122593 a9789386602183c1250.00 aEN-106125 bDBAD/PUB a363.34095 aIndrajit Pal aNatural hazards management in asia /cby Indrajit Pal [and] Tuhin Ghosh aNew DelhibSage Publicationsc2018 aB-1/I-1, Mohan Cooperative Industrial Area, Mathura Road, bNew Delhie110044 a381p.c22cm.(Hb)bill. aIt include bibliography and index dGhosh, Tuhin  2ddccENmINDh363.34095 c151273d151273 001040718NFICaDBADbLd2018-04-17eDBAD/PUBg1250.00l0o363.34095 INDpEN-106125r2018-04-17 00:00:00t1v1250.00yEN